00729nam a2200169 i 4500001000700000003000900007005001700016008004100033100003600074245024300110260005100353300002100404650002000425700003300445710002900478852005200507189020ES-MaACL20250810225314.0190321s1950 sp |||| | spa d1 aAleixandre, Vicente,d1898-198410aVida del poeta b: el amor y la poesía / cdiscurso leído ante la Real Academia Española, el día 22 de enero de 1950, en su recepción pública, por el... Sr. D. Vicente Aleixandre y contestación del... Sr. D. Dámaso Alonso. aMadrid : b[s.n.], c1950 (fS. Aguirre, imp.) a51 p. ; c24 cm.07aPoesía2embne1 aAlonso, Dámaso,d1898-19902 aReal Academia Española aES-MaACLjK-157-12 z- Enc. en un vol. facticio